|
|
|
|
| LEADER |
00000nab a2200000 a 4500 |
| 001 |
vtls010462184 |
| 003 |
SK-MaSNL |
| 005 |
20260304162140.0 |
| 008 |
250507c2012 xo zr|p|||an |000 b|slo |
| 015 |
|
|
|a SNBRB2012/10
|
| 035 |
|
|
|a (uuid)31a1c2eb-f034-47f6-b399-3bece652206a
|
| 035 |
|
|
|a urn:nbn:sk:snk-ab9tae
|
| 035 |
|
|
|a (urnnbn)urn:nbn:sk:snk:ar-a08s36
|
| 038 |
|
|
|a SPK
|
| 040 |
|
|
|a SNKBUCL
|b slo
|c SNKBUCL
|e AACR2
|
| 041 |
0 |
|
|a slo
|b slo
|b eng
|
| 044 |
|
|
|a xo
|c SK
|
| 072 |
|
7 |
|a 373.2/.3
|x Predškolská a primárna výchova a vzdelávanie
|2 konspekt
|
| 072 |
|
7 |
|a 519
|x Kombinatorika. Teória grafov. Matematická štatistika. Operačný výskum. Matematické modelovanie
|2 konspekt
|
| 080 |
|
|
|a 371.263
|2 2001
|
| 080 |
|
|
|a 519.1
|2 2001
|
| 080 |
|
|
|a 373.34
|2 2001
|
| 100 |
1 |
|
|a Ringlerová, Viera
|4 aut
|9 17315
|
| 245 |
1 |
0 |
|a Ako žiaci základnej školy riešia úlohy z kombinatoriky
|c Viera Ringlerová, Tatiana Košinárová
|
| 246 |
3 |
1 |
|a How elementary school students solve combinatorics problems
|
| 300 |
|
|
|b Tab.
|
| 504 |
|
|
|a Bibliogr. odkazy
|
| 546 |
|
|
|a Res. angl., slov.
|
| 650 |
0 |
7 |
|a hodnotenie žiakov
|2 snkbucl
|9 3929
|
| 650 |
0 |
7 |
|a testy
|2 snkbucl
|9 277938
|
| 650 |
0 |
7 |
|a matematika
|2 snkbucl
|9 70174
|
| 650 |
0 |
7 |
|a kombinatorika
|2 snkbucl
|9 3790
|
| 650 |
0 |
7 |
|a základné školy
|2 snkbucl
|9 1280
|
| 700 |
1 |
|
|a Košinárová, Tatiana
|4 aut
|9 598553
|
| 773 |
0 |
|
|t Technológia vzdelávania
|g Roč. XX, č. 3 (2012)
|g Č. 3 (2012), s. 11-15
|x 1335-003X
|
| 773 |
0 |
|
|t Slovenský učiteľ
|g Roč. XX, č. 3 (2012)
|g Č. 3 (2012), s. 11-15
|x 1335-003X
|
| 850 |
|
|
|a Slovenská národná knižnica
|
| 852 |
|
|
|a Slovenská národná knižnica
|
| 954 |
|
|
|a odborná, vedecká literatúra pôvodná (slovenská)
|2 lita
|
| 958 |
|
|
|a article13
|
| 958 |
|
|
|a NB
|
| 958 |
|
|
|a OND
|
| 958 |
|
|
|a EUIPO
|
| 999 |
|
|
|c 2973521
|d 2975451
|